[Event "AUTO-BEG-63"]
[Site "http://www.queenalice.com/game.php?id=156898"]
[Date "2007.1.21"]
[Round "1"]
[White "Patrick77"]
[Black "celsolim"]
[Result "1-0"]
[WhiteElo "1512"]
[BlackElo "1201"]

1. e4 e5 2. Nf3 Nc6 3. Nc3 g6 4. Bc4 d6 5. O-O Bg7 6. d3 Qe7 7. Nd5 Qd7 8. Bg5
f6 9. Bd2 Nge7 10. h3 Nd4 11. c3 Ne6 12. Nh4 c6 13. Nb4 c5 14. Nc2 d5 15. Bb3
Qc6 16. Qf3 c4 17. exd5 Nxd5 18. Bxc4 Nec7 19. Bb3 Be6 20. d4 O-O-O 21. Rfe1
exd4 22. Nxd4 Qb6 23. Nxe6 Nxe6 24. Bxd5 Ng5 25. Qd3 Rhf8 26. Qc4+ Kb8 27. b3 f5
28. Bxg5 Rc8 29. Qf4+ Ka8 30. Rac1 Bxc3 31. Re7 Bb2 32. Rxc8+ Rxc8 33. Qc4 Rf8
34. Rxh7 Bd4 35. Be7 Re8 36. Bf7 1-0

[Event "AUTO-BEG-63"]
[Site "http://www.queenalice.com/game.php?id=156899"]
[Date "2007.1.21"]
[Round "1"]
[White "celsolim"]
[Black "Patrick77"]
[Result "0-1"]
[WhiteElo "1211"]
[BlackElo "1401"]

1. e4 e5 2. Nf3 Nf6 3. Nc3 Nc6 4. Bb5 Bb4 5. d3 d6 6. Bd2 a6 7. Bxc6+ bxc6 8. a3
Ba5 9. d4 O-O 10. dxe5 dxe5 11. Nxe5 Bb7 12. Qf3 Qd4 13. Nd3 Rfe8 14. O-O-O Rad8
15. Rhe1 Bc8 16. b4 Bb6 17. Re2 Bg4 18. Qe3 Bxe2 19. Qxe2 Nxe4 20. Nb1 Nxf2 0-1

[Event "AUTO-BEG-64"]
[Site "http://www.queenalice.com/game.php?id=157690"]
[Date "2007.1.22"]
[Round "1"]
[White "celsolim"]
[Black "ERNESTOFONSECA10"]
[Result "0-1"]
[WhiteElo "1494"]
[BlackElo "1579"]

1. e4 e5 2. Nf3 Nc6 3. Bb5 a6 4. Bxc6 dxc6 5. Nxe5 Qd4 6. Nf3 Qxe4+ 7. Qe2 Qxe2+
8. Kxe2 Bd6 9. Re1 Bg4 10. Kf1+ Kd7 11. Re3 Re8 12. h3 Be6 13. b3 Ne7 14. Bb2
Nf5 15. Re1 Bd5 16. Nd4 Rxe1+ 17. Kxe1 Be5 18. c3 Bxd4 19. cxd4 Bxg2 20. d3 Bxh3
21. Nd2 Re8+ 22. Kd1 Nd6 23. Nf3 Bg4 0-1

[Event "AUTO-BEG-64"]
[Site "http://www.queenalice.com/game.php?id=157691"]
[Date "2007.1.22"]
[Round "1"]
[White "ERNESTOFONSECA10"]
[Black "celsolim"]
[Result "1-0"]
[WhiteElo "1566"]
[BlackElo "1484"]

1. e4 e5 2. Bc4 Nf6 3. d3 Bc5 4. Nf3 d5 5. exd5 Nxd5 6. Nxe5 Qf6 7. Qe2 c6 8.
Ng6+ Be6 9. Nxh8 Nd7 10. Nxf7 Qxf7 11. Nc3 O-O-O 12. Nxd5 Bxd5 13. Bxd5 cxd5 14.
O-O Re8 15. Qg4 Rf8 16. Be3 Bxe3 17. fxe3 Qe7 18. Rxf8+ Qxf8 19. Rf1 Qe7 20. Qd4
g6 21. Qxa7 Nc5 22. Re1 1-0

[Event "AUTO-BEG-64"]
[Site "http://www.queenalice.com/game.php?id=157692"]
[Date "2007.1.22"]
[Round "1"]
[White "celsolim"]
[Black "mizu"]
[Result "1-0"]
[WhiteElo "1275"]
[BlackElo "1294"]

1. e4 e5 2. Nf3 Nc6 3. Bb5 Nf6 4. d3 Bc5 5. Bxc6 bxc6 6. Nxe5 O-O 7. Bg5 Bd4 8.
Nc4 Ba6 9. Nbd2 d5 10. Na5 Qd6 11. c3 Bb6 12. Nab3 Bxd3 13. Qf3 Bxe4 14. Qh3 Qe5
15. O-O Bf5 16. Qh4 Ng4 17. Nf3 Nxf2 18. Rxf2 Bxf2+ 19. Qxf2 Qd6 20. Nfd4 Bg6
21. Re1 a5 22. Be7 1-0

[Event "AUTO-BEG-64"]
[Site "http://www.queenalice.com/game.php?id=157693"]
[Date "2007.1.22"]
[Round "1"]
[White "mizu"]
[Black "celsolim"]
[Result "0-1"]
[WhiteElo "1259"]
[BlackElo "1346"]

1. e4 e5 2. Nf3 Nc6 3. Bb5 Nge7 4. Nc3 a6 5. Ba4 b5 6. Bb3 Bb7 7. Ng5 d5 8. d3
f6 9. Ne6 Qd6 10. Nxf8 Rxf8 11. Qh5+ g6 12. Qxh7 Nd4 13. O-O Nxb3 14. axb3 dxe4
15. Nxe4 Bxe4 16. dxe4 Qc6 17. c4 Qxe4 18. Be3 bxc4 19. Bc5 Rf7 20. Qh8+ Rf8 21.
Bxe7 Rxh8 22. Bxf6 cxb3 23. Bxh8 O-O-O 24. Bf6 Rd6 25. Bg5 Qd5 26. g3 a5 27.
Rfd1 Qb5 28. Rxd6 cxd6 29. h4 a4 30. Re1 Qb4 31. Re3 a3 32. bxa3 Qxa3 33. Rc3+
Kd7 34. Bc1 Qa2 0-1

[Event "AUTO-BEG-64"]
[Site "http://www.queenalice.com/game.php?id=157694"]
[Date "2007.1.22"]
[Round "1"]
[White "celsolim"]
[Black "eduxarapov"]
[Result "1-0"]
[WhiteElo "1325"]
[BlackElo "1205"]

1. e4 e5 2. Nf3 Nc6 3. d4 Qe7 4. d5 Nd4 5. Nxd4 exd4 6. Qxd4 c5 7. Qe3 f5 8. Bd3
Nf6 9. e5 Nxd5 10. Qe2 g6 11. O-O Bg7 12. Re1 d6 13. Qf3 Nb4 14. Bd2 Bxe5 15.
Nc3 c4 16. Bxc4 Nxc2 17. Nd5 Nxe1 18. Rxe1 Qh4 19. g3 Qxc4 20. Bf4 Qxa2 21. Bxe5
dxe5 22. Nc7+ Kd8 23. Nxa8 Qxb2 24. Qd5+ Bd7 25. Rxe5 Qb1+ 26. Kg2 h5 27. Qf7
Re8 28. Rd5 Qe1 29. Qxd7# 1-0

[Event "AUTO-BEG-64"]
[Site "http://www.queenalice.com/game.php?id=157695"]
[Date "2007.1.22"]
[Round "1"]
[White "eduxarapov"]
[Black "celsolim"]
[Result "0-1"]
[WhiteElo "1194"]
[BlackElo "1336"]

1. b3 e5 2. Bb2 Nc6 3. e4 d5 4. Nc3 d4 5. Nd5 Be6 6. Qe2 Bxd5 7. O-O-O g6 8. Nf3
Be6 9. Nxe5 Nxe5 10. Bxd4 Qxd4 11. c3 Qd6 12. d4 Bh6+ 13. Kb2 Nd7 14. e5 Qb6 15.
d5 Bf5 16. d6 O-O-O 17. Qc4 Be6 18. Qb5 c6 19. Qd3 Nxe5 20. Qe2 Bg7 21. Qe3 c5
22. Qg5 Rxd6 23. Be2 Rxd1 24. Rxd1 Nc4+ 25. Bxc4 Bf6 26. Qxf6 Nxf6 27. f4 Bxc4
28. a4 Qxb3+ 29. Kc1 Qxc3+ 30. Kb1 Bd3+ 31. Rxd3 Qxd3+ 32. Kb2 c4 33. a5 c3+ 34.
Kb3 c2+ 35. Kb4 c1=Q 0-1

[Event "PORTUGAL"]
[Site "http://www.queenalice.com/game.php?id=174735"]
[Date "2007.2.27"]
[Round "1"]
[White "testplayer"]
[Black "celsolim"]
[Result "0-1"]
[WhiteElo "1321"]
[BlackElo "1422"]

1. e4 e5 2. Nf3 Nc6 3. Bb5 Nge7 4. Nc3 d6 5. d4 a6 6. Ba4 b5 7. Bb3 Na5 8. dxe5
dxe5 9. Qxd8+ Kxd8 10. Bxf7 Nec6 11. Bg5+ Be7 12. O-O-O+ Bd7 0-1

[Event "AUTO-BEG-54"]
[Site "http://www.queenalice.com/game.php?id=182311"]
[Date "2007.3.15"]
[Round "2"]
[White "celsolim"]
[Black "Majnu"]
[Result "0-1"]
[WhiteElo "1466"]
[BlackElo "1891"]

1. e4 c5 2. Nf3 Nc6 3. Bb5 g6 4. d4 cxd4 5. Nxd4 Bg7 6. Nb3 Nf6 7. N1d2 d6 8.
O-O O-O 9. Qe1 a6 10. Bxc6 bxc6 11. f4 a5 12. Nf3 Ba6 13. Rf2 Ng4 14. Rd2 Qb6+
15. Kh1 a4 16. Nbd4 c5 17. Ne2 Bxb2 18. Bxb2 Qxb2 19. c3 Qb7 20. Ng3 Rab8 21. h3
Nf6 22. e5 dxe5 23. Nxe5 Rfd8 24. Rxd8+ Rxd8 25. Rb1 Qd5 26. a3 Bb7 27. Qf2 Ne4
28. Nxe4 Qxe4 29. Re1 Qd5 30. Ng4 Rd7 31. Re5 Qd1+ 32. Re1 Qd6 33. Ne5 Rd8 34.
Kh2 f6 35. Ng4 Kf8 36. g3 Qd2 37. Rxe7 Kxe7 0-1

[Event "AUTO-BEG-54"]
[Site "http://www.queenalice.com/game.php?id=182312"]
[Date "2007.3.15"]
[Round "2"]
[White "Majnu"]
[Black "celsolim"]
[Result "1-0"]
[WhiteElo "1847"]
[BlackElo "1434"]

1. d4 c5 2. d5 d6 3. c4 g6 4. Nc3 Bg7 5. Nf3 e6 6. e4 Ne7 7. Be2 O-O 8. O-O exd5
9. cxd5 Nd7 10. Bf4 Qc7 11. Nb5 Qb6 12. Bxd6 Re8 13. Bf4 Kh8 14. Nc7 Qf6 15. Bg3
Nf5 16. Nxe8 Qxb2 17. exf5 Qa3 18. Nxg7 Kxg7 19. fxg6 hxg6 20. Ne5 Nxe5 21.
Bxe5+ Kh6 22. Qd2+ 1-0

[Event "Challenge"]
[Site "http://www.queenalice.com/game.php?id=184420"]
[Date "2007.3.19"]
[Round "-"]
[White "spawnwolfwolverine"]
[Black "celsolim"]
[Result "1-0"]
[WhiteElo "1667"]
[BlackElo "1474"]

1. d3 c5 2. e3 e6 3. g3 Bd6 4. Bg2 Nf6 5. Nf3 Nc6 6. O-O b5 7. a3 Bb7 8. b4 Rb8
9. c3 a5 10. e4 cxb4 11. cxb4 axb4 12. axb4 Nxb4 13. Ba3 Qc7 14. Bxb4 Bxb4 15.
Ra7 Bc5 16. Ra2 d5 17. e5 Nd7 18. d4 Bb6 19. Ng5 O-O 20. Qd3 g6 21. Qxb5 Bxd4
22. Nd2 Bxe5 23. Nb3 d4 24. Bxb7 Rxb7 25. Qd3 f6 26. Nxe6 Qb6 27. Nxf8 1-0

[Event "Challenge"]
[Site "http://www.queenalice.com/game.php?id=184421"]
[Date "2007.3.19"]
[Round "-"]
[White "celsolim"]
[Black "spawnwolfwolverine"]
[Result "1-0"]
[WhiteElo "1447"]
[BlackElo "1724"]

1. e4 e6 2. Nf3 d6 3. d4 b6 4. d5 Be7 5. Nc3 Nf6 6. Bc4 O-O 7. dxe6 Bxe6 8. Bxe6
fxe6 9. Qe2 e5 10. Qd3 Ng4 11. Qd5+ Kh8 12. Qxa8 Bh4 13. g3 Rxf3 14. gxh4 Rxf2
15. h3 h5 16. hxg4 Rf4 17. Bxf4 exf4 18. gxh5 Kh7 19. Qd5 Qf6 20. O-O-O Nd7 21.
Rdf1 Kh6 22. Rfg1 Ne5 23. Qg8 Nc4 24. Qh8# 1-0

[Event "Let's Play Chess!"]
[Site "http://www.queenalice.com/game.php?id=186246"]
[Date "2007.3.22"]
[Round "-"]
[White "celsolim"]
[Black "tche_elvio"]
[Result "1-0"]
[WhiteElo "1464"]
[BlackElo "1555"]

1. e4 e5 2. Nf3 Nf6 3. d3 Be7 4. Nc3 a6 5. Be3 d6 6. Qd2 h6 7. d4 Bd7 8. dxe5
Ng4 9. exd6 cxd6 10. Nd5 Nxe3 11. Qxe3 Nc6 12. O-O-O O-O 13. e5 dxe5 14. Nxe5
Nxe5 15. Qxe5 Bf6 16. Nxf6+ Qxf6 17. Qxf6 gxf6 18. Rxd7 b5 19. Rd6 Kg7 20. g4
Ra7 21. f4 Re7 22. Bd3 Re6 23. Rd5 b4 24. g5 hxg5 25. fxg5 Re5 26. Rxe5 fxe5 27.
Bxa6 f6 28. gxf6+ Rxf6 29. Rg1+ Kf7 30. Bc4+ Ke7 31. Rg7+ Kd6 32. Rb7 Kc5 33. b3
e4 34. Rb5+ Kd4 35. Rxb4 Kc3 36. a3 e3 37. Be2 Rc6 38. Rc4+ Rxc4 39. Bxc4 e2 40.
Bxe2 Kd4 41. h4 1-0

[Event "Challenge"]
[Site "http://www.queenalice.com/game.php?id=187424"]
[Date "2007.3.25"]
[Round "-"]
[White "holandes"]
[Black "celsolim"]
[Result "0-1"]
[WhiteElo "1647"]
[BlackElo "1471"]

1. e4 e5 2. c3 Nf6 3. d3 d5 4. Nd2 Nbd7 5. Ngf3 b6 6. Qa4 Bb7 7. Nxe5 dxe4 8.
dxe4 Bd6 9. Qb5 O-O 10. f4 Nxe4 11. Nxe4 Bxe4 12. Bd2 Bxe5 13. fxe5 Re8 14.
O-O-O Rxe5 15. Qc4 Bd5 16. Qg4 Nf6 17. Qg3 Qe7 18. Bh6 Nh5 19. Qg4 Be6 20. Qf3
Re8 21. Bd2 Nf6 22. Be2 Bg4 23. Qg3 Bxe2 24. Rde1 Bc4 25. Rxe5 Qxe5 26. b3 Bd5
27. Re1 Qxg3 28. hxg3 Rxe1+ 29. Bxe1 Bxg2 30. Kd2 Ne4+ 31. Kd3 c5 32. a3 f5 33.
Kc4 a6 34. a4 Kf7 35. b4 Ke6 36. b5 Bf1+ 37. Kb3 axb5 38. axb5 Bxb5 39. Kc2 Ba4+
40. Kd3 b5 41. Ke3 Kd5 42. Kf4 g6 0-1

[Event "AUTO-OPEN-486"]
[Site "http://www.queenalice.com/game.php?id=195478"]
[Date "2007.4.12"]
[Round "2"]
[White "pomar"]
[Black "celsolim"]
[Result "1-0"]
[WhiteElo "2045"]
[BlackElo "1481"]

1. f3 e5 2. Kf2 Nf6 3. e3 d5 4. c4 e4 5. cxd5 Qxd5 6. Nc3 Qe6 7. fxe4 Bb4 8.
Qa4+ Nc6 9. Bb5 Bxc3 10. bxc3 Nxe4+ 11. Ke1 Qf6 12. Qxe4+ Qe6 13. Bxc6+ bxc6 14.
Qxe6+ Bxe6 15. Ba3 Rd8 16. Nf3 Rd5 17. Nd4 1-0

[Event "AUTO-OPEN-486"]
[Site "http://www.queenalice.com/game.php?id=195479"]
[Date "2007.4.12"]
[Round "2"]
[White "celsolim"]
[Black "pomar"]
[Result "0-1"]
[WhiteElo "1458"]
[BlackElo "2009"]

1. e4 e6 2. d4 d5 3. exd5 exd5 4. Nf3 Bg4 5. Be2 Bd6 6. Nc3 Ne7 7. Bg5 f6 8. Be3
O-O 9. Qd3 c6 10. h3 Bh5 11. g4 Bg6 12. Qd2 Nd7 13. h4 h5 14. g5 Nf5 15. Rg1
Nxe3 16. Qxe3 Re8 17. Qd2 Qc7 18. gxf6 Bf4 19. Qd1 Be4 20. Rxg7+ Kf8 21. Nxe4
Rxe4 22. Ng5 Qa5+ 23. Kf1 Bxg5 0-1

[Event "AUTO-OPEN-486"]
[Site "http://www.queenalice.com/game.php?id=195488"]
[Date "2007.4.12"]
[Round "2"]
[White "celsolim"]
[Black "RIVAS"]
[Result "0-1"]
[WhiteElo "1479"]
[BlackElo "1929"]

1. e4 e6 2. b3 d5 3. d3 dxe4 4. dxe4 Qxd1+ 5. Kxd1 e5 6. Bb2 f6 7. Nd2 Bc5 8.
Ngf3 Bg4 9. Ke1 Ne7 10. Bc4 Nbc6 11. h3 Bh5 12. g4 Bf7 0-1

[Event "AUTO-OPEN-486"]
[Site "http://www.queenalice.com/game.php?id=195489"]
[Date "2007.4.12"]
[Round "2"]
[White "RIVAS"]
[Black "celsolim"]
[Result "1-0"]
[WhiteElo "1931"]
[BlackElo "1477"]

1. e4 e5 2. f4 Nc6 3. Nf3 d6 4. Bc4 h6 5. d3 Bg4 6. O-O g5 7. fxg5 Bxf3 8. Qxf3
f6 9. gxf6 Nxf6 10. Qxf6 Qxf6 11. Rxf6 O-O-O 12. Nc3 1-0

[Event "AUTO-OPEN-486"]
[Site "http://www.queenalice.com/game.php?id=195490"]
[Date "2007.4.12"]
[Round "2"]
[White "celsolim"]
[Black "AntonioMendonca"]
[Result "0-1"]
[WhiteElo "1456"]
[BlackElo "1967"]

1. e4 c5 2. Nf3 d6 3. Nc3 Nc6 4. Bb5 Bd7 5. d4 cxd4 6. Nxd4 a6 7. Bc4 b5 8. Be2
g6 9. Be3 Bg7 10. O-O Nf6 11. Nxc6 Bxc6 12. Bf3 O-O 13. Qe2 Rc8 0-1

[Event "Challenge"]
[Site "http://www.queenalice.com/game.php?id=195501"]
[Date "2007.4.12"]
[Round "-"]
[White "celsolim"]
[Black "tche_elvio"]
[Result "0-1"]
[WhiteElo "1473"]
[BlackElo "1500"]

1. e4 e5 2. Nf3 Nf6 3. Nxe5 Nxe4 4. Qh5 Qf6 5. Nf3 d6 6. Bc4 Be6 7. Bxe6 Qxe6 8.
O-O Nc6 9. d3 O-O-O 10. dxe4 Ne5 11. Bf4 Nxf3+ 12. Qxf3 Be7 13. Nc3 f5 14. Rfe1
g5 15. exf5 Qf6 16. Be3 h5 17. Bxa7 g4 18. Qe4 Rhe8 19. Nd5 Qe5 20. Qxe5 dxe5
21. Rxe5 Bd6 22. Rxe8 Rxe8 23. Nf6 Re2 24. Rc1 Be5 25. Nxh5 Bxb2 26. Rb1 Rxc2
0-1